Statistiques concernant Opus cinématographiques 12 - Terminator

Cliquez ici pour prendre le quiz!

Statistiques générales

  • Ce quiz a été pris 134 fois
  • Le résultat moyen est 4 sur 6

Statistiques - réponses

Date de sortieTitre% Correct
1984Terminator
97%
2015Terminator - Genisys
81%
1991Terminator 2 - Le Jugement Dernier
74%
2003Terminator 3 - Le Soulèvement des Machines
66%
2019Terminator - Dark Fate
66%
2009Terminator - Renaissance
62%

Distribution des résultats

Percentile par nombre de réponses

% des personnes avec chaque résultat

Votre développement - résultats

Vous n’avez pas pris ce quiz